स्वातंत्र्यसुर्य महाराणा प्रताप (Record no. 46281)

MARC details
000 -LEADER
fixed length control field 00541nam a2200181Ia 4500
008 - FIXED-LENGTH DATA ELEMENTS--GENERAL INFORMATION
fixed length control field 220531s9999 xx 000 0 und d
041 ## - LANGUAGE CODE
Language code of text/sound track or separate title mar
082 ## - DEWEY DECIMAL CLASSIFICATION NUMBER
Item number SUR
100 ## - MAIN ENTRY--PERSONAL NAME
Personal name सूर्यवंशी, अभिमन्यू
9 (RLIN) 84073
245 ## - TITLE STATEMENT
Title स्वातंत्र्यसुर्य महाराणा प्रताप
250 ## - EDITION STATEMENT
Edition statement 1ST
260 ## - PUBLICATION, DISTRIBUTION, ETC. (IMPRINT)
Place of publication, distribution, etc. Shrirampur
Name of publisher, distributor, etc. Shabdalay
Date of publication, distribution, etc. 2016
300 ## - PHYSICAL DESCRIPTION
Extent 160
542 ## - INFORMATION RELATING TO COPYRIGHT STATUS
Copyright holder 14-09-2018
650 ## - SUBJECT ADDED ENTRY--TOPICAL TERM
Topical term or geographic name as entry element Maharana Pratap
9 (RLIN) 84074
906 ## - LOCAL DATA ELEMENT F, LDF (RLIN)
d 2018-2019
f 12992
Holdings
Withdrawn status Lost status Damaged status Not for loan Collection code Home library Current library Date acquired Vendor Cost, normal purchase price Total Checkouts Total Holds Full call number Barcode Date last seen Cost, replacement price Bill Date Koha item type Original Barcode
          Shri Siddhivinayak Mahila Mahavidyalaya Shri Siddhivinayak Mahila Mahavidyalaya 14/09/2018 Swaroop 200.00   1 /SUR/B/21952 SSMM-BK-21952 06/08/2022 200.00 06/08/2022 Books 10021952